[Event "Olimpiade 2014 - Open"]
[Site "Tromsø"]
[Date "06.08.2014"]
[Round "5.23"]
[Board "1"]
[White "Negi, Parimarjan"]
[Black "Djukic, Nikola"]
[Result "1-0"]
[WhiteTitle "GM"]
[BlackTitle "GM"]
[WhiteElo "2645"]
[BlackElo "2521"]
[WhiteTeam "India"]
[BlackTeam "Montenegro"]
[WhiteFideId "5016690"]
[BlackFideId "922412"]
[EventDate "2014.08.02"]

1. e4 c5 2. Nf3 Nc6 3. d4 cxd4 4. Nxd4 Nf6 5. Nc3 d6 6. Bg5 e6 7. Qd2 a6 8.
O-O-O Bd7 9. f4 h6 10. Bh4 g5 11. fxg5 Ng4 12. Be2 Nge5 13. Nf3 Be7 14. Bf2 hxg5
15. Na4 Nxf3 16. Bxf3 Qa5 17. Qxa5 Nxa5 18. Nb6 Rd8 19. Bg3 e5 20. Nxd7 Rxd7 21.
Bf2 Nc6 22. Bg4 Rd8 23. Bb6 Ra8 24. h3 Bd8 25. Be3 Be7 26. Rhf1 b5 27. Rf5 Rg8
28. Bh5 Rg7 29. Rdf1 Nd8 30. Bb6 Kd7 31. Bxd8 Rxd8 32. Rxf7 Rxf7 33. Rxf7 Rf8
34. Bg4+ Kd8 35. Rxf8+ Bxf8 36. Kd2 Be7 37. Be6 Ke8 38. c4 b4 39. Kc2 Kd8 40.
Kb3 d5 41. exd5 Kc7 42. Kc2 e4 43. Bf5 Kd6 44. Bxe4 Ke5 45. Kd3 Bc5 46. Bf3 a5
47. g3 Bf2 48. h4 gxh4 49. gxh4 Kf4 50. h5 1-0

[Event "Olimpiade 2014 - Open"]
[Site "Tromsø"]
[Date "06.08.2014"]
[Round "5.23"]
[Board "2"]
[White "Blagojevic, Dragisa"]
[Black "Sethuraman, S.P."]
[Result "0-1"]
[WhiteTitle "GM"]
[BlackTitle "GM"]
[WhiteElo "2505"]
[BlackElo "2590"]
[WhiteTeam "Montenegro"]
[BlackTeam "India"]
[WhiteFideId "900885"]
[BlackFideId "5021596"]
[EventDate "2014.08.02"]

1. d4 d6 2. Nf3 g6 3. c4 f5 4. Nc3 Nf6 5. g3 Bg7 6. Bg2 O-O 7. O-O c6 8. d5 e5
9. dxe6 Bxe6 10. Qd3 Ng4 11. b3 Na6 12. Bb2 Nc5 13. Qc2 a5 14. Rad1 Qe7 15. e3
Rad8 16. h3 Nf6 17. Ne1 g5 18. Nf3 h6 19. Nd4 Nfd7 20. Nce2 Ne5 21. Nxe6 Nxe6
22. f4 Nd7 23. Bxg7 Nxg7 24. fxg5 Qxe3+ 25. Kh2 hxg5 26. Rxd6 Ne5 27. c5 Rde8
28. Nd4 f4 29. gxf4 Rxf4 30. Rxf4 Qxf4+ 31. Kh1 Ng4 32. Qc4+ Kh8 0-1

[Event "Olimpiade 2014 - Open"]
[Site "Tromsø"]
[Date "06.08.2014"]
[Round "5.23"]
[Board "3"]
[White "Sasikiran, Krishnan"]
[Black "Drasko, Milan"]
[Result "1-0"]
[WhiteTitle "GM"]
[BlackTitle "GM"]
[WhiteElo "2669"]
[BlackElo "2437"]
[WhiteTeam "India"]
[BlackTeam "Montenegro"]
[WhiteFideId "5004985"]
[BlackFideId "900397"]
[EventDate "2014.08.02"]

1. Nf3 Nf6 2. c4 e6 3. g3 a6 4. Nc3 d5 5. cxd5 exd5 6. Bg2 Bd6 7. O-O O-O 8. d3
Re8 9. Bg5 h6 10. Bxf6 Qxf6 11. Nxd5 Qxb2 12. Nd2 Ra7 13. e3 b5 14. Ne4 Be7 15.
Nxe7+ Rxe7 16. a4 c6 17. d4 Be6 18. Qh5 Bc4 19. Rfb1 Qc2 20. Qf5 Kf8 21. Rc1 Qb2
22. Nd6 1-0

[Event "Olimpiade 2014 - Open"]
[Site "Tromsø"]
[Date "06.08.2014"]
[Round "5.24"]
[Board "1"]
[White "Salem, A.R. Saleh"]
[Black "Wojtaszek, Radoslaw"]
[Result "0-1"]
[WhiteTitle "GM"]
[BlackTitle "GM"]
[WhiteElo "2591"]
[BlackElo "2735"]
[WhiteTeam "United Arab Emirates"]
[BlackTeam "Poland"]
[WhiteFideId "9301348"]
[BlackFideId "1118358"]
[EventDate "2014.08.02"]

1. e4 c5 2. Nf3 e6 3. d4 cxd4 4. Nxd4 Nc6 5. Nb5 d6 6. c4 Nf6 7. N1c3 a6 8. Na3
Be7 9. Be2 O-O 10. O-O b6 11. Be3 Bb7 12. Rc1 Ne5 13. f4 Ng6 14. Qc2 Rc8 15. Qb1
Qc7 16. g3 Qb8 17. Bf3 Ba8 18. Qd3 Rfd8 19. Qe2 h6 20. Rfd1 Nf8 21. Bf2 N8d7 22.
Kg2 Bb7 23. g4 g5 24. Bg3 gxf4 25. Bxf4 Kh7 26. h4 Ne5 27. g5 Rg8 28. Kh3 Nfd7
29. Bg2 hxg5 30. hxg5 Rg6 31. Rg1 Rh8 32. Bf3 Nxf3 33. Qxf3 Kg7+ 34. Kg2 Ne5 35.
Qe3 Ng4 36. Qg3 Bxg5 37. Kf3 Bxf4 38. Qxf4 e5 39. Qxg4 Rxg4 40. Rxg4+ Kf8 41.
Nd5 Qd8 42. Rcg1 Bxd5 43. cxd5 Qf6+ 44. Kg3 Rg8 45. Rxg8+ Kxg8 46. Nb1 Qf4+ 47.
Kh3+ Kh7 48. Nc3 Kh6 49. a3 Kh5 50. Rg3 Qf1+ 51. Rg2 Qf3+ 52. Kh2 Kh4 53. Kg1
Qe3+ 54. Kh2 b5 55. Re2 Qg3+ 56. Kh1 Kh3 0-1

[Event "Olimpiade 2014 - Open"]
[Site "Tromsø"]
[Date "06.08.2014"]
[Round "5.24"]
[Board "2"]
[White "Gajewski, Grzegorz"]
[Black "Omar, Noaman"]
[Result "1-0"]
[WhiteTitle "GM"]
[BlackTitle "IM"]
[WhiteElo "2659"]
[BlackElo "2350"]
[WhiteTeam "Poland"]
[BlackTeam "United Arab Emirates"]
[WhiteFideId "1116207"]
[BlackFideId "9300244"]
[EventDate "2014.08.02"]

1. d4 Nf6 2. c4 e6 3. Nc3 Bb4 4. Qc2 d5 5. cxd5 exd5 6. Nf3 O-O 7. Bg5 Qd6 8. e3
Ne4 9. Bd3 f5 10. O-O Nxg5 11. Nxg5 c6 12. f4 Qe7 13. Rae1 a5 14. g4 g6 15. gxf5
gxf5 16. Kh1 Kh8 17. Rf3 Rf6 18. Rh3 h6 19. Nxd5 1-0

[Event "Olimpiade 2014 - Open"]
[Site "Tromsø"]
[Date "06.08.2014"]
[Round "5.24"]
[Board "4"]
[White "Socko, Bartosz"]
[Black "Khouri, Ibrahim Mohamed"]
[Result "1-0"]
[WhiteTitle "GM"]
[BlackTitle "FM"]
[WhiteElo "2612"]
[BlackElo "2225"]
[WhiteTeam "Poland"]
[BlackTeam "United Arab Emirates"]
[WhiteFideId "1107038"]
[BlackFideId "9301526"]
[EventDate "2014.08.02"]

1. d4 Nf6 2. c4 e6 3. Nf3 b6 4. g3 Ba6 5. Qb3 d5 6. cxd5 exd5 7. Nc3 Be7 8. Bg2
O-O 9. O-O Bb7 10. Ne5 c6 11. Rd1 Na6 12. Qa4 b5 13. Qc2 Nb4 14. Qb3 a5 15. a4
Qb6 16. Bg5 Rad8 17. e4 dxe4 18. Bxe4 h6 19. Bxf6 Bxf6 20. axb5 Bxe5 21. dxe5
Rxd1+ 22. Rxd1 cxb5 23. Rd6 Qc7 24. Nxb5 Qc5 25. Bxb7 Qxb5 26. Bd5 Qe2 27. Bxf7+
Kh8 28. e6 Rc8 29. Qd1 1-0

[Event "Olimpiade 2014 - Open"]
[Site "Tromsø"]
[Date "06.08.2014"]
[Round "5.25"]
[Board "1"]
[White "Pelletier, Yannick"]
[Black "Markos, Jan"]
[Result "1-0"]
[WhiteTitle "GM"]
[BlackTitle "GM"]
[WhiteElo "2578"]
[BlackElo "2602"]
[WhiteTeam "Switzerland"]
[BlackTeam "Slovakia"]
[WhiteFideId "1301837"]
[BlackFideId "14903474"]
[EventDate "2014.08.02"]

1. d4 Nf6 2. c4 g6 3. Nc3 Bg7 4. e4 O-O 5. Nf3 d6 6. Be2 e5 7. O-O Nc6 8. Be3
Ng4 9. Bg5 f6 10. Bh4 g5 11. Bg3 exd4 12. Nxd4 Nxd4 13. Qxd4 f5 14. Qd5+ Kh8 15.
Bxg4 fxg4 16. c5 h5 17. cxd6 c6 18. Qc5 Re8 19. f4 gxf3 20. Rxf3 h4 21. Bf2 Re5
22. Qa3 Bg4 23. Rf7 Re6 24. h3 Bh5 25. Rxb7 Rxd6 26. Qc5 Rd2 27. Be3 Rc2 28. Rf1
Bg6 29. Rd1 Qxd1+ 30. Nxd1 Rxc5 31. Bxc5 Bxe4 32. Rxa7 Rxa7 33. Bxa7 Kh7 34. Bc5
Bc2 35. Ne3 Bd3 36. b3 Be5 37. Kf2 Kg6 38. Kf3 Bf4 39. a4 Bxe3 40. Kxe3 Bf1 41.
a5 Kf5 42. b4 Ke6 43. Kf3 Kf6 44. Bb6 Kf5 45. Bd8 c5 46. bxc5 Bb5 47. g3 Bc6+
48. Kf2 hxg3+ 49. Kxg3 Bb5 50. Be7 Kg6 51. Kf3 Kf5 52. Bxg5 Kxg5 53. Ke4 Kf6 54.
Kd5 Ke7 55. c6 Kd8 56. Kc5 Bf1 57. Kb6 1-0

[Event "Olimpiade 2014 - Open"]
[Site "Tromsø"]
[Date "06.08.2014"]
[Round "5.25"]
[Board "2"]
[White "Ftacnik, Lubomir"]
[Black "Hug, Werner"]
[Result "1/2-1/2"]
[WhiteTitle "GM"]
[BlackTitle "IM"]
[WhiteElo "2571"]
[BlackElo "2474"]
[WhiteTeam "Slovakia"]
[BlackTeam "Switzerland"]
[WhiteFideId "14900017"]
[BlackFideId "1300040"]
[EventDate "2014.08.02"]

1. d4 Nf6 2. c4 d6 3. Nc3 Bf5 4. g3 c6 5. Bg2 e5 6. e4 Bg4 7. f3 exd4 8. Qxd4
Be6 9. Nge2 Na6 10. Nf4 Be7 11. Be3 O-O 12. Nxe6 fxe6 13. Bh3 e5 14. Qd2 Qe8 15.
O-O Kh8 16. Rad1 Qf7 17. Qe2 Nc7 18. f4 Ne6 19. Bxe6 Qxe6 20. f5 Qf7 21. g4 h6
22. h4 Nh7 23. g5 hxg5 24. hxg5 Bxg5 25. Bxg5 Nxg5 26. Qh2+ Kg8 27. Rxd6 Qe7 28.
Rg6 Nh7 29. Kg2 Rad8 30. Nd5 cxd5 31. Rh1 Nf6 32. Qh8+ Kf7 33. Rxg7+ Ke8 34.
Rxe7+ Kxe7 35. Qh3 Rg8+ 36. Kf1 dxc4 37. Qa3+ Kf7 38. Qa4 Rd4 39. Rh2 Rgd8 40.
Qa5 Rd1+ 41. Ke2 R1d4 42. Rh4 b6 43. Qxe5 Rd2+ 44. Ke1 1/2-1/2

[Event "Olimpiade 2014 - Open"]
[Site "Tromsø"]
[Date "06.08.2014"]
[Round "5.25"]
[Board "3"]
[White "Georgiadis, Nico"]
[Black "Petrik, Tomas"]
[Result "1/2-1/2"]
[WhiteTitle "IM"]
[BlackTitle "GM"]
[WhiteElo "2448"]
[BlackElo "2487"]
[WhiteTeam "Switzerland"]
[BlackTeam "Slovakia"]
[WhiteFideId "1300113"]
[BlackFideId "14901625"]
[EventDate "2014.08.02"]

1. e4 e6 2. d4 d5 3. Nc3 Bb4 4. e5 Ne7 5. a3 Bxc3+ 6. bxc3 c5 7. Nf3 b6 8. Bb5+
Bd7 9. Bd3 c4 10. Bf1 Ba4 11. h4 h6 12. h5 Kd7 13. g3 Qg8 14. Bh3 Qh7 15. Ra2
Na6 16. O-O Nc7 17. Nh4 Raf8 18. Ng2 Rhg8 19. Kh2 Kc8 20. Ne3 Kb7 21. Qe2 Nc6
22. Rb2 Na5 23. Ng4 Nc6 24. Ne3 Ne7 25. Rb4 b5 26. Bg2 Kc8 27. Rb2 Nf5 28. Nxf5
Qxf5 29. f4 Qh7 30. f5 g6 31. hxg6 fxg6 32. fxe6 g5 33. Rf6 h5 34. Bxg5 Kb8 35.
Bh4 a5 36. e7 Re8 37. Rb6+ Ka7 38. Rc6 Rxe7 39. Bxe7 Qxe7 40. Rf6 Qxa3 41. Rf7
Kb8 42. e6 Qd6 43. Qe5 Qxe5 44. dxe5 Rg5 45. Bxd5 Nxd5 46. e7 Nc7 47. Rf8+ Kb7
48. e8=Q Nxe8 49. Rxe8 Kc6 50. Kh3 Kd7 51. Ra8 Rxe5 52. Rxa5 Re3 53. Ra7+ Kc6
54. Rh7 Rxc3 55. Rxh5 Rxc2 56. Rhxb5 Rxb2 57. Rxb2 Kc5 58. g4 c3 59. Rb1 c2 60.
Rc1 Kd4 1/2-1/2

[Event "Olimpiade 2014 - Open"]
[Site "Tromsø"]
[Date "06.08.2014"]
[Round "5.25"]
[Board "4"]
[White "Petenyi, Tamas"]
[Black "Kurmann, Oliver"]
[Result "1/2-1/2"]
[WhiteTitle "IM"]
[BlackTitle "IM"]
[WhiteElo "2453"]
[BlackElo "2423"]
[WhiteTeam "Slovakia"]
[BlackTeam "Switzerland"]
[WhiteFideId "14909090"]
[BlackFideId "1308173"]
[EventDate "2014.08.02"]

1. e4 c5 2. Nf3 e6 3. d4 cxd4 4. Nxd4 a6 5. Bd3 Bc5 6. Nb3 Be7 7. Qg4 g6 8. Qe2
d6 9. Nc3 Nd7 10. Bf4 Qc7 11. O-O b6 12. h3 Bb7 13. Bh2 h5 14. Rae1 h4 15. f4
Kf8 16. Kh1 Ngf6 17. e5 Nh5 18. Bxg6 fxg6 19. Nd4 Ng7 20. Qg4 Qc4 21. Qxg6 Qxd4
22. f5 exf5 23. Rxf5+ Nxf5 24. Qxf5+ Nf6 25. exd6 Bd8 26. Be5 Rh5 27. Qxh5 Nxh5
28. Bxd4 Kf7 29. Kh2 Bg5 30. Be3 Bxe3 31. Rxe3 Re8 32. Rxe8 Kxe8 33. Na4 Kd7 34.
Nxb6+ Kxd6 35. Nc4+ Kd5 36. Na5 Bc8 37. Kg1 Be6 38. a3 Kd4 39. Nc6+ Ke3 40. b3
Ng3 41. Nb4 a5 42. Nc6 Ne2+ 43. Kh2 Bd5 44. Nxa5 Kf2 45. Nc4 Bxc4 46. bxc4 Ng3
47. c5 Nf1+ 48. Kh1 Ng3+ 49. Kh2 Nf1+ 50. Kh1 1/2-1/2

[Event "Olimpiade 2014 - Open"]
[Site "Tromsø"]
[Date "06.08.2014"]
[Round "5.26"]
[Board "1"]
[White "Granda Zuniga, Julio E"]
[Black "Rahman, Ziaur"]
[Result "1/2-1/2"]
[WhiteTitle "GM"]
[BlackTitle "GM"]
[WhiteElo "2663"]
[BlackElo "2523"]
[WhiteTeam "Peru"]
[BlackTeam "Bangladesh"]
[WhiteFideId "3800024"]
[BlackFideId "10200037"]
[EventDate "2014.08.02"]

1. c4 e6 2. Nc3 d5 3. d4 Bb4 4. e3 c5 5. a3 Bxc3+ 6. bxc3 Qc7 7. Qg4 f5 8. Qg3
Qe7 9. cxd5 exd5 10. dxc5 Nf6 11. Qd6 Nbd7 12. a4 Nxc5 13. Qxe7+ Kxe7 14. Ba3 b6
15. a5 Kf7 16. Bb4 Nb3 17. Ra3 Nxa5 18. Bxa5 bxa5 19. Bd3 Ne4 20. Nf3 Nc5 21.
Bc2 a4 22. O-O Bd7 23. Rd1 Kf6 24. Rxd5 Rhc8 25. Nd4 g6 26. f3 Rab8 27. e4 fxe4
28. fxe4 Rb2 29. h4 Be6 30. e5+ Ke7 1/2-1/2

[Event "Olimpiade 2014 - Open"]
[Site "Tromsø"]
[Date "06.08.2014"]
[Round "5.26"]
[Board "2"]
[White "Abdulla, Al-Rakib"]
[Black "Cordova, Emilio"]
[Result "1/2-1/2"]
[WhiteTitle "GM"]
[BlackTitle "GM"]
[WhiteElo "2522"]
[BlackElo "2629"]
[WhiteTeam "Bangladesh"]
[BlackTeam "Peru"]
[WhiteFideId "10200444"]
[BlackFideId "3801497"]
[EventDate "2014.08.02"]

1. d4 e6 2. Nf3 Nf6 3. e3 b6 4. Bd3 Bb7 5. O-O Be7 6. Nbd2 c5 7. b3 d6 8. Bb2
Nbd7 9. c4 O-O 10. Qe2 Re8 11. Ng5 h6 12. f4 Bf8 13. Nh3 Qc7 14. Rac1 cxd4 15.
exd4 g6 16. Nf2 Bg7 17. Nd1 Rac8 18. Ne3 a6 19. Qf2 Ba8 20. a4 Qb7 21. h3 Rcd8
22. Rfe1 Qb8 23. Bc3 Rc8 24. Qf1 d5 25. Qf2 Nh5 26. Rf1 b5 27. c5 Nxc5 28. dxc5
d4 29. Ba1 dxe3 30. Qxe3 Bxa1 31. Rxa1 Red8 32. axb5 axb5 33. Be4 Bd5 34. Bxd5
exd5 35. b4 Ng7 36. Qd3 Re8 37. Nf3 Qxf4 38. Nd4 Qe4 39. Qxe4 Rxe4 40. Nxb5 Rxb4
41. Nd6 Rf8 42. Ra7 Nf5 43. Nxf5 gxf5 44. Rxf5 d4 45. Rd7 Rc4 46. Kf2 Kg7 47.
Ke2 Kg6 48. g4 Rc3 49. h4 Ra8 50. h5+ Kg7 51. Rfxf7+ Kg8 52. Rg7+ Kh8 53. Rh7+
Kg8 54. Rdg7+ Kf8 55. Rf7+ Kg8 56. Rfg7+ Kf8 57. Ra7 Rxa7 58. Rxa7 Rxc5 59. Rd7
Rc2+ 60. Kd3 Rc3+ 61. Ke4 Re3+ 62. Kf4 Re7 63. Rxd4 Kg7 1/2-1/2

[Event "Olimpiade 2014 - Open"]
[Site "Tromsø"]
[Date "06.08.2014"]
[Round "5.26"]
[Board "3"]
[White "Cori, Jorge"]
[Black "Hossain, Enamul"]
[Result "1-0"]
[WhiteTitle "GM"]
[BlackTitle "GM"]
[WhiteElo "2630"]
[BlackElo "2421"]
[WhiteTeam "Peru"]
[BlackTeam "Bangladesh"]
[WhiteFideId "3802272"]
[BlackFideId "10200649"]
[EventDate "2014.08.02"]

1. d4 Nf6 2. Nf3 e6 3. c4 b6 4. g3 Bb7 5. Bg2 Bb4+ 6. Bd2 Be7 7. Nc3 c6 8. O-O
d5 9. Qc2 O-O 10. Rad1 Nbd7 11. Bf4 Rc8 12. e4 Ba6 13. e5 Ne8 14. Rfe1 Bxc4 15.
h4 Ba6 16. Bh3 Nc7 17. Ng5 g6 18. Qd2 Re8 19. Bg4 Rb8 20. Kg2 c5 21. Nf3 Bf8 22.
h5 Bg7 23. Bg5 Qc8 24. Qf4 cxd4 25. Nxd4 Qb7 26. Bf6 Rf8 27. Rh1 Bxf6 28. exf6
e5 29. Qg5 Ne8 30. hxg6 Ndxf6 31. gxf7+ Kh8 32. Be6 Rxf7 33. Bxf7 Qxf7 34. Qxe5
Rc8 35. Rh6 Bb7 36. Rdh1 Kg8 37. R1h4 Rc7 38. Rf4 1-0

[Event "Olimpiade 2014 - Open"]
[Site "Tromsø"]
[Date "06.08.2014"]
[Round "5.26"]
[Board "4"]
[White "Minhazuddin, Ahmed"]
[Black "Cruz, Cristhian"]
[Result "0-1"]
[WhiteTitle "IM"]
[BlackTitle "GM"]
[WhiteElo "2418"]
[BlackElo "2553"]
[WhiteTeam "Bangladesh"]
[BlackTeam "Peru"]
[WhiteFideId "10201955"]
[BlackFideId "3801969"]
[EventDate "2014.08.02"]

1. e4 e6 2. d4 d5 3. Nd2 c5 4. dxc5 Bxc5 5. Bd3 Nf6 6. Qe2 Nc6 7. Ngf3 Be7 8. c3
b6 9. O-O Bb7 10. Re1 Qc7 11. e5 Nd7 12. Nb3 Nc5 13. Bg5 h6 14. Bxe7 Nxe7 15.
Nbd4 O-O 16. Rad1 a6 17. Bb1 b5 18. Qc2 Ne4 19. Nd2 Ng6 20. f3 Nc5 21. b4 Na4
22. Nxe6 Qb6+ 23. Nc5 Nxc5 24. bxc5 Qxc5+ 25. Kh1 Rfe8 26. Nb3 Qb6 27. Nd4 Rac8
28. Nf5 b4 29. Nd6 Rxc3 30. Qf5 Re7 31. Nxf7 Nh4 32. Qg4 Rc4 33. f4 Rxf7 34. e6
Re7 35. Qxh4 Rxe6 36. Rxe6 Qxe6 37. Re1 Qc8 38. Bg6 Rc1 39. h3 Rxe1+ 40. Qxe1 d4
41. f5 d3 42. Qxb4 Qc1+ 43. Kh2 Qc6 44. Qg4 d2 45. Bh5 0-1

[Event "Olimpiade 2014 - Open"]
[Site "Tromsø"]
[Date "06.08.2014"]
[Round "5.27"]
[Board "1"]
[White "Gonzalez Zamora, Juan Carlos"]
[Black "Banikas, Hristos"]
[Result "1/2-1/2"]
[WhiteTitle "GM"]
[BlackTitle "GM"]
[WhiteElo "2544"]
[BlackElo "2644"]
[WhiteTeam "Mexico"]
[BlackTeam "Greece"]
[WhiteFideId "3507548"]
[BlackFideId "4202031"]
[EventDate "2014.08.02"]

1. d4 Nf6 2. c4 e6 3. Nc3 Bb4 4. e3 O-O 5. Bd3 d5 6. Nf3 c5 7. O-O dxc4 8. Bxc4
Nbd7 9. Qe2 b6 10. Bd2 cxd4 11. Nxd4 Ne5 12. Rfd1 Nxc4 13. Qxc4 Bc5 14. Nb3 Be7
15. e4 Bb7 16. Bf4 Qc8 17. Qe2 Rd8 18. Rxd8+ Qxd8 19. Rd1 Qf8 20. f3 Rd8 21.
Rxd8 Qxd8 22. Qd2 Qxd2 23. Bxd2 Nd7 24. Bf4 e5 25. Be3 f6 26. a4 Kf7 27. a5 Bc6
28. Kf2 Ke6 29. Ke2 g6 30. Kd3 Bb4 31. axb6 axb6 32. Kc4 Bxc3 1/2-1/2

[Event "Olimpiade 2014 - Open"]
[Site "Tromsø"]
[Date "06.08.2014"]
[Round "5.27"]
[Board "2"]
[White "Papaioannou, Ioannis"]
[Black "Leon Hoyos, Manuel"]
[Result "1/2-1/2"]
[WhiteTitle "GM"]
[BlackTitle "GM"]
[WhiteElo "2641"]
[BlackElo "2517"]
[WhiteTeam "Greece"]
[BlackTeam "Mexico"]
[WhiteFideId "4201345"]
[BlackFideId "5105269"]
[EventDate "2014.08.02"]

1. d4 Nf6 2. Nf3 c5 3. d5 e6 4. c4 b5 5. Bg5 exd5 6. cxd5 d6 7. e4 a6 8. Bd3 Be7
9. O-O Nxd5 10. exd5 Bxg5 11. a4 O-O 12. axb5 Bb7 13. Nxg5 Qxg5 14. Nc3 axb5 15.
Rxa8 Bxa8 16. Bxb5 Bb7 17. Qe2 Bc8 18. Qe3 Qd8 19. Re1 Nd7 20. Qe7 Qxe7 21. Rxe7
Rd8 22. Kf1 Kf8 23. Re1 Nf6 24. Ra1 Bd7 25. Bxd7 Rxd7 26. Ra8+ Ke7 27. Rb8 Ra7
28. Ke2 Nd7 29. Rb3 f5 30. f4 Kd8 31. Kf3 Ra6 32. Nd1 Ra4 33. Ne3 g6 34. h3 h6
35. Rc3 Rb4 36. Ra3 Ke7 37. b3 Rb7 38. g4 fxg4+ 39. hxg4 Nf6 40. g5 hxg5 41.
fxg5 Ne8 42. Ng2 Ng7 43. Nf4 Kf7 44. Kg4 Nf5 45. Ra6 Rb4 46. Ra7+ Ke8 47. Ra3
Ne7 48. Ra8+ Kd7 49. Ra7+ Kd8 50. Ra8+ Kc7 51. Ra7+ Kd8 52. Ra8+ Kc7 53. Ra7+
Kd8 54. Ra8+ 1/2-1/2

[Event "Olimpiade 2014 - Open"]
[Site "Tromsø"]
[Date "06.08.2014"]
[Round "5.27"]
[Board "3"]
[White "Hernandez Guerrero, Gilberto"]
[Black "Mastrovasilis, Dimitrios"]
[Result "1/2-1/2"]
[WhiteTitle "GM"]
[BlackTitle "GM"]
[WhiteElo "2519"]
[BlackElo "2608"]
[WhiteTeam "Mexico"]
[BlackTeam "Greece"]
[WhiteFideId "5100011"]
[BlackFideId "4202694"]
[EventDate "2014.08.02"]

1. e4 e5 2. Nf3 Nc6 3. Bc4 Nf6 4. d3 Be7 5. O-O O-O 6. Re1 d6 7. a4 Be6 8. a5 a6
9. Nbd2 Qd7 10. c3 Rfe8 11. h3 Bf8 12. Ng5 Bxc4 13. dxc4 Ne7 14. Nf1 Ng6 15. Ng3
c6 16. Qa4 h6 17. Nf3 Qe6 18. Ra3 d5 19. exd5 cxd5 20. cxd5 Nxd5 21. c4 Nf6 22.
Rae3 Rad8 23. Bd2 Nd7 24. Qc2 Qc6 25. R3e2 Re6 26. b3 Rde8 27. h4 Nf4 28. Bxf4
exf4 29. Nd4 Rxe2 30. Rxe2 Rxe2 31. Ngxe2 Qc5 32. Qd2 Qb4 33. Qxf4 Qxa5 34. g3
Nc5 35. Kg2 Qe1 36. Qe3 a5 37. h5 Qd1 38. Nf4 a4 39. bxa4 Qxa4 40. Qe2 Qa1 41.
Nf5 Qf6 42. Qg4 Kh7 43. Ne3 Qe5 44. Qf5+ Qxf5 45. Nxf5 Ne4 46. Nd3 g6 47. hxg6+
fxg6 48. Ne3 Nd2 49. f4 Bg7 50. g4 Bd4 51. Nc2 Ba7 52. Na3 Be3 53. Kg3 Kg7 54.
Ne5 Bd4 55. Nf3 Ne4+ 56. Kg2 Be3 57. Ne1 Bxf4 58. Kf3 Bc1 59. Kxe4 Bxa3 60. Ke5
Kf7 61. Nf3 b6 62. Nd2 Ke7 63. Ne4 Bb4 64. Kd5 Kd7 65. Nf6+ Kc7 66. Ne8+ Kb7 67.
Nf6 Be7 68. Nd7 h5 69. gxh5 gxh5 70. Ke4 Kc6 71. Nxb6 Kxb6 72. Kf3 Kc5 1/2-1/2

[Event "Olimpiade 2014 - Open"]
[Site "Tromsø"]
[Date "06.08.2014"]
[Round "5.27"]
[Board "4"]
[White "Halkias, Stelios"]
[Black "Torres Rosas, Luis Carlos"]
[Result "1-0"]
[WhiteTitle "GM"]
[BlackTitle "CM"]
[WhiteElo "2544"]
[BlackElo "2351"]
[WhiteTeam "Greece"]
[BlackTeam "Mexico"]
[WhiteFideId "4201809"]
[BlackFideId "5111080"]
[EventDate "2014.08.02"]

1. Nf3 Nf6 2. c4 g6 3. Nc3 Bg7 4. g3 O-O 5. Bg2 d6 6. d4 Nc6 7. O-O a6 8. Bf4
Bf5 9. Rc1 Re8 10. d5 Na5 11. e4 Bg4 12. b3 Nd7 13. h3 Bxf3 14. Bxf3 c5 15. Be2
Bd4 16. Kg2 Qc7 17. Bd3 b6 18. Bd2 Nb7 19. f4 Nd8 20. Qf3 Rb8 21. a4 Bg7 22. g4
Qc8 23. Rce1 Rb7 24. Kh1 e5 25. f5 f6 26. h4 g5 27. hxg5 fxg5 28. Bxg5 Nf7 29.
Bh4 Bf6 30. g5 Nxg5 31. Rg1 h6 32. Qh5 Re7 33. Be2 Rh7 34. Nd1 Bg7 35. Nf2 Nf6
36. Qg6 Kh8 37. Bxg5 hxg5+ 38. Kg2 Qd8 39. Rh1 Bf8 40. Ng4 Nxg4 41. Bxg4 Rh4 42.
f6 Rbh7 43. Bf5 1-0

[Event "Olimpiade 2014 - Open"]
[Site "Tromsø"]
[Date "06.08.2014"]
[Round "5.28"]
[Board "1"]
[White "Bachmann, Axel"]
[Black "Cuartas, Jaime Alexander"]
[Result "1/2-1/2"]
[WhiteTitle "GM"]
[BlackTitle "GM"]
[WhiteElo "2644"]
[BlackElo "2489"]
[WhiteTeam "Paraguay"]
[BlackTeam "Colombia"]
[WhiteFideId "3700488"]
[BlackFideId "4401190"]
[EventDate "2014.08.02"]

1. Nf3 d5 2. g3 Nf6 3. Bg2 c6 4. c4 Bg4 5. Ne5 Be6 6. cxd5 Bxd5 7. Nf3 c5 8. O-O
e6 9. Nc3 Bc6 10. d3 Be7 11. e4 Nbd7 12. Qe2 O-O 13. d4 b5 14. dxc5 Bxc5 15. e5
Nd5 16. Nxb5 Qb6 17. Nc3 Nxc3 18. bxc3 Rac8 19. a4 Qa5 20. Bd2 Bxf3 21. Bxf3
Nxe5 22. Bb7 Rcd8 23. Rfb1 Nd3 24. Kg2 Qc7 25. f3 Be7 26. Be4 Qc4 27. Bxd3 Rxd3
28. Be1 Rxc3 29. Qxc4 Rxc4 30. Rb7 Bf6 31. Ra2 Bd4 32. Bf2 Bxf2 33. Kxf2 Ra8 34.
a5 Rc5 35. a6 Rc6 36. g4 g5 37. Kg3 Kg7 38. h4 h6 39. hxg5 hxg5 40. Rd2 Rxa6 41.
Rdd7 Rf8 42. Rxa7 Rxa7 43. Rxa7 Rb8 44. Ra5 Kf6 45. Kf2 Rb4 46. Ke3 Rc4 47. Kd3
Rf4 48. Ke3 e5 49. Ra6+ Kg7 50. Ra5 f6 51. Ra7+ Kf8 52. Ra8+ Kf7 53. Ra7+ Ke6
54. Ra6+ Kf7 55. Ra7+ Kg6 56. Re7 Ra4 57. Kf2 Ra3 58. Ke2 Ra8 59. Ke3 Rg8 60.
Ra7 Rg7 61. Ra6 Rd7 62. Rb6 Kf7 63. Ra6 Ke7 64. Ra4 Ke6 65. Ke4 Rd1 66. Ra6+ Rd6
67. Ra4 Rb6 68. Ke3 f5 69. gxf5+ Kxf5 70. Ra8 Rg6 71. Rf8+ Ke6 72. Ke4 g4 73.
fxg4 Rxg4+ 74. Ke3 1/2-1/2

[Event "Olimpiade 2014 - Open"]
[Site "Tromsø"]
[Date "06.08.2014"]
[Round "5.28"]
[Board "3"]
[White "Vazquez, Guillermo"]
[Black "Ruiz C, Joshua D"]
[Result "1-0"]
[WhiteTitle "FM"]
[BlackTitle "IM"]
[WhiteElo "2323"]
[BlackElo "2382"]
[WhiteTeam "Paraguay"]
[BlackTeam "Colombia"]
[WhiteFideId "3702308"]
[BlackFideId "4400704"]
[EventDate "2014.08.02"]

1. e4 c5 2. Nf3 d6 3. Bb5+ Nd7 4. O-O Nf6 5. Re1 a6 6. Bd3 g6 7. c3 Ne5 8. Nxe5
dxe5 9. Bc2 Bg7 10. d3 O-O 11. a4 b6 12. Na3 Ne8 13. Be3 Qc7 14. b4 cxb4 15.
cxb4 Be6 16. Bb3 Bxb3 17. Qxb3 Nd6 18. Rec1 Qb7 19. b5 Rfc8 20. h3 h5 21. Rxc8+
Nxc8 22. Rc1 Nd6 23. Nc4 axb5 24. axb5 Nc8 25. Nd2 Na7 26. Ra1 Rd8 27. Nc4 Nc8
28. Ra6 Qd7 29. Nxb6 Nxb6 30. Rxb6 Qxd3 31. Qxd3 Rxd3 32. Rb7 Rb3 33. b6 f5 34.
Rc7 f4 35. Bc5 1-0